คู่มือการรื้อฟื้นคดีอาญาและขอพิจารณาคดีใหม่คดีแพ่ง / (ระเบียนเลขที่ 106769)
| 000 -LEADER | |
|---|---|
| fixed length control field | 04650 a2200277 4500 |
| 003 - CONTROL NUMBER IDENTIFIER | |
| control field | NALT |
| 005 - DATE AND TIME OF LATEST TRANSACTION | |
| control field | 20250617144552.0 |
| 008 - FIXED-LENGTH DATA ELEMENTS--GENERAL INFORMATION | |
| fixed length control field | 250613b th ||||| |||| 00| 0 tha d |
| 020 ## - INTERNATIONAL STANDARD BOOK NUMBER | |
| International Standard Book Number | 9789742039424 |
| 040 ## - CATALOGING SOURCE | |
| Original cataloging agency | ์NALT |
| 090 ## - LOCALLY ASSIGNED LC-TYPE CALL NUMBER (OCLC); LOCAL CALL NUMBER (RLIN) | |
| Classification number (OCLC) (R) ; Classification number, CALL (RLIN) (NR) | KT 31 |
| Local cutter number (OCLC) ; Book number/undivided call number, CALL (RLIN) | ส284ค 2567 |
| 100 0# - MAIN ENTRY--PERSONAL NAME | |
| Personal name | สมศักดิ์ เอี่ยมพลับใหญ่ |
| 9 (RLIN) | 19138 |
| 245 10 - TITLE STATEMENT | |
| Title | คู่มือการรื้อฟื้นคดีอาญาและขอพิจารณาคดีใหม่คดีแพ่ง / |
| Statement of responsibility, etc. | สมศักดิ์ เอี่ยมพลับใหญ่. |
| 250 ## - EDITION STATEMENT | |
| Edition statement | พิมพ์ครั้งที่ 1. |
| 260 ## - PUBLICATION, DISTRIBUTION, ETC. | |
| Place of publication, distribution, etc. | กรุงเทพฯ : |
| Name of publisher, distributor, etc. | นิติธรรม, |
| Date of publication, distribution, etc. | 2567. |
| 300 ## - PHYSICAL DESCRIPTION | |
| Extent | 433 หน้า : |
| Other physical details | ตาราง ; |
| Dimensions | 26 ซม. |
| 505 2# - FORMATTED CONTENTS NOTE | |
| Formatted contents note | บทที่ 1 พระราชบัญญัติการรื้อฟื้นคดีอาญาขึ้นพิจารณาใหม่ พ.ศ. 2526 -- 1. ชื่อพระราชบัญญัติ (มาตรา 1) -- 2. วันใช้บังคับ (มาตรา 2) -- 3. กฎหมาย กฎ และข้อบังคับส่วนที่ขัดหรือแย้ง (มาตรา 3) -- 4. คำจำกัดความ (มาตรา 4) -- 5. หลักเกณฑ์การร้องขอให้รื้อฟื้นคดีขึ้นพิจารณาพิพากษาใหม่ (มาตรา 5) -- 6. ผู้มีสิทธิและอำนาจขอรื้อฟื้นคดีอาญาขึ้นพิจารณาใหม่ (มาตรา 6, 7) -- 7. ศาลที่ยื่นคำร้องและการบรรยายคำร้อง (มาตรา 8) -- 8. การไต่สวนคำร้อง (มาตรา 9) -- 9. คำสั่งศาลอุทธรณ์ (มาตรา 10) -- 10. การแจ้งวันนัดและการสืบพยาน (มาตรา 11) -- 11. การปล่อยชั่วคราวระหว่างพิจารณาคดี (มาตรา 12) -- 12. อำนาจศาลในการพิจารณาคดี (มาตรา 13, 14) -- 13. การอุทธรณ์ ฎีกา (มาตรา 15) -- 14. การนำกฎหมายอื่นมาใช้บังคับโดยอนุโลม (มาตรา 16) -- 15. กระทรวงการคลังจ่ายค่าทดแทน (มาตรา 17) -- 16. คำร้องยื่นได้เพียงครั้งเดียว (มาตรา 18) -- 17. บุคคลผู้ต้องรับโทษยื่นคำร้องแล้วถึงแก่ความตาย (มาตรา 19) -- 18. กำหนดเวลายื่นคำร้อง (มาตรา 20) -- 19. ผู้รักษาการตามกฎหมาย (มาตรา 21) แนวการเขียนคำร้องตามมาตรา 5, 8 -- <br/>บทที่ 2 หลักกฎหมายประกอบข้อพิจารณาก่อนยื่นคำร้อง -- 1. กรณีตามประมวลกฎหมายอาญา -- 2. กรณีตามประมวลกฎหมายวิธีพิจารณาความอาญา -- บทที่ 3 การขอพิจารณาคดีใหม่ (คดีส่วนแพ่งตามประมวลกฎหมายวิธีพิจารณาความแพ่ง) --<br/>1. การขอพิจารณาคดีใหม่กรณีแพ้คดีโดยขาดนัดยื่นคำให้การ (มาตรา 199 ตรี, 199 จัตวา, 199 เบญจ) -- 2. การขอพิจารณาคดีใหม่กรณีขาดนัดพิจารณา. |
| 650 #4 - SUBJECT ADDED ENTRY--TOPICAL TERM | |
| Topical term or geographic name entry element | วิธีพิจารณาความอาญา |
| 9 (RLIN) | 1089 |
| 650 #4 - SUBJECT ADDED ENTRY--TOPICAL TERM | |
| Topical term or geographic name entry element | วิธีพิจารณาความแพ่ง |
| 9 (RLIN) | 756 |
| 650 #4 - SUBJECT ADDED ENTRY--TOPICAL TERM | |
| Topical term or geographic name entry element | การรื้อฟื้นคดีขึ้นพิจารณาใหม่ |
| 9 (RLIN) | 66127 |
| 650 #4 - SUBJECT ADDED ENTRY--TOPICAL TERM | |
| Topical term or geographic name entry element | การรื้อฟื้นคดีขึ้นพิจารณาใหม่ |
| General subdivision | คดีอาญา |
| 9 (RLIN) | 66128 |
| 653 #4 - INDEX TERM--UNCONTROLLED | |
| Uncontrolled term | ขอพิจารณาคดีใหม่คดีแพ่ง |
| 942 ## - ADDED ENTRY ELEMENTS (KOHA) | |
| Koha item type | Law Book |
| Source of classification or shelving scheme | Local Classification |
| 996 ## - STAFF PROCESSING RECORDS (NALT) | |
| Staff name | varee.k |
| Staff type | LIBSTF |
| Acquisition or Cataloging date | 2025-06-13 |
| 996 ## - STAFF PROCESSING RECORDS (NALT) | |
| Staff name | saiphon.d |
| Staff type | CATSTF |
| Acquisition or Cataloging date | 2025-06-17 |
| 998 ## - STAFF NAME (NALT) | |
| -- | 104 |
| -- | นางสาวสายฝน ดีงาม |
| Withdrawn status | Lost status | Source of classification or shelving scheme | Damaged status | Not for loan | Collection code | Home library | Current library | Shelving location | Date acquired | Source of acquisition | Total Checkouts | Full call number | Barcode | Date last seen | Price effective from | Koha item type |
|---|---|---|---|---|---|---|---|---|---|---|---|---|---|---|---|---|
| Local Classification | Law Book collection | National Assembly Library of Thailand | National Assembly Library of Thailand | Law Book shelves | 05/06/2025 | 192 | KT 31 ส284ค 2567 | 3961215337 | 05/06/2025 | 05/06/2025 | Law Book |
